Sobre la muerte / (Record no. 177865)

MARC details
000 -LEADER
campo de control de longitud fija 00829nam a2200277 4500
001 - NÚMERO DE CONTROL
campo de control 177865
003 - IDENTIFICADOR DE NÚMERO DE CONTROL
campo de control ES-MaACL
005 - FECHA Y HORA DE LA ÚLTIMA TRANSACCIÓN
campo de control 20250804052223.0
008 - DATOS DE LONGITUD FIJA--INFORMACIÓN GENERAL
campo de control de longitud fija 110503s2009 sp ao |||| | spa d
017 ## - NÚMERO DE COPYRIGHT O DE DEPÓSITO LEGAL
Número de copyright o de depósito legal M-30.017-2009
020 ## - NÚMERO INTERNACIONAL ESTÁNDAR DEL LIBRO
Número Internacional Estándar del Libro 9788497429160
080 ## - NÚMERO DE LA CLASIFICACIÓN DECIMAL UNIVERSAL
Número de la Clasificación Decimal Universal 128
245 00 - MENCIÓN DEL TÍTULO
Título Sobre la muerte /
Mención de responsabilidad, etc. Manuel Ballester y Enrique Ujaldón (eds.).
260 ## - PUBLICACIÓN, DISTRIBUCIÓN, ETC.
Lugar de publicación, distribución, etc. Madrid :
Nombre del editor, distribuidor, etc. Biblioteca Nueva,
Fecha de publicación, distribución, etc. [2009]
300 ## - DESCRIPCIÓN FÍSICA
Extensión 271 p. :
Otras características físicas il., fot. ;
Dimensiones 23 cm.
490 1# - MENCIÓN DE SERIE
Mención de serie Ensayo ;
Designación de volumen o secuencia 35
650 #7 - PUNTO DE ACCESO ADICIONAL DE MATERIA--TÉRMINO DE MATERIA
Término de materia o nombre geográfico como elemento de entrada Muerte
Fuente del encabezamiento o término embne
9 (RLIN) 15241
700 1# - ENTRADA AGREGADA--NOMBRE PERSONAL
Nombre de persona Ballester Hernández, Manuel.
9 (RLIN) 146350
700 1# - ENTRADA AGREGADA--NOMBRE PERSONAL
Nombre de persona Ujaldón, Enrique.
9 (RLIN) 111910
830 0# - PUNTO DE ACCESO ADICIONAL DE SERIE-TÍTULO UNIFORME
Título uniforme Ensayo ;
Designación de volumen o secuencia 35
9 (RLIN) 177699
852 ## - LOCALIZACIÓN
Ubicación ES-MaACL
itemnumber R.145529
Número de control de estantería A-11127
Signatura antigua Olim:N-4132
Ubicación en estantería Depósito 1
903 ## - NOMBRE PERSONAL DE DONANTE
e Donante
942 ## - ELEMENTOS DE ENTRADA SECUNDARIOS (KOHA)
Fuente del sistema de clasificación o colocación Clasificación decimal universal
Tipo de ítem Koha Libro impreso
Holdings
Estatus retirado Estado de pérdida Fuente del sistema de clasificación o colocación Estado de daño No para préstamo Biblioteca de origen Biblioteca actual Ubicación en estantería Fecha de adquisición Fuente de adquisición Total de préstamos Signatura topográfica completa Código de barras Visto por última vez Precio de reemplazo Tipo de ítem Koha
    Clasificación decimal universal     Biblioteca del Ateneo de Madrid Biblioteca del Ateneo de Madrid Depósito 1 03/05/2011 Donación   A-11127 1186851 23/02/2023 23/02/2023 Libro impreso